000
00334nam a2200145Ia 4500
008
210210b1950 xxu||||| |||| 00| 0 eng d
041
_a
eng
082
_a
825/144
100
_a
BURRA (P)
245
_a
Wordsworth
260
_a
London
_b
Not Mentioned
_c
1950
650
_a
Wordsworth
690
_a
English Criticism
906
_a
014461
999
_c
133644
_d
133644